|
|
|
|
| LEADER |
00000nam0a2200000 4500 |
| 001 |
361588 |
| 005 |
20231102011414.0 |
| 035 |
|
|
|a (RuTPU)RU\TPU\retro\18918
|
| 090 |
|
|
|a 361588
|
| 100 |
|
|
|a 20210624d1964 m y0rusy50 ca
|
| 101 |
0 |
|
|a rus
|
| 102 |
|
|
|a RU
|
| 105 |
|
|
|a a z 001zy
|
| 200 |
1 |
|
|a Квартирная электропроводка и как с ней обращаться
|f Е. А. Каминский
|
| 205 |
|
|
|a 2-е изд., перераб. и доп.
|
| 210 |
|
|
|a Москва
|c Энергия
|d 1964
|
| 215 |
|
|
|a 144 с.
|c ил.
|
| 320 |
|
|
|a Библиогр.: с. 142-143
|
| 606 |
1 |
|
|a Электропроводка
|x Пожарная безопасность
|2 stltpush
|3 (RuTPU)RU\TPU\subj\68869
|9 83968
|
| 610 |
1 |
|
|a электрическая энергия
|
| 610 |
1 |
|
|a быт
|
| 610 |
1 |
|
|a электроприборы
|
| 610 |
1 |
|
|a лампы накаливания
|
| 610 |
1 |
|
|a напряжение
|
| 610 |
1 |
|
|a трансформаторы
|
| 610 |
1 |
|
|a стабилизаторы
|
| 610 |
1 |
|
|a автоматика
|
| 610 |
1 |
|
|a предохранители
|
| 610 |
1 |
|
|a электрические сети
|
| 610 |
1 |
|
|a короткое замыкание
|
| 610 |
1 |
|
|a схемы
|
| 610 |
1 |
|
|a экономия
|
| 610 |
1 |
|
|a электромонтажные инструменты
|
| 610 |
1 |
|
|a электромонтаж
|
| 610 |
1 |
|
|a провода
|
| 610 |
1 |
|
|a кабели
|
| 610 |
1 |
|
|a электронагревательные приборы
|
| 675 |
|
|
|a 621.315.3
|v 4
|
| 700 |
|
1 |
|a Каминский
|b Е. А.
|g Евгений Абрамович
|
| 801 |
|
1 |
|a RU
|b 63413507
|c 20210624
|
| 942 |
|
|
|c BK
|